000 00663cab a22002055a 4500
001 L136933
008 070305e2007 xxk 000 0 eng d
035 _a(Sirsi) u136933
041 _aeng
100 1 _aMackesy Davies, Caitlin
245 0 0 _aOut of the shadows
260 _c2007
490 0 _aRICS Business
_vMarch 2007, 19-22(4)
520 _aDiscusses the number of women working in surveying, and what the surveying industry is doing to encourage and retain women in the trade. Provides case studies of successful women surveyors.
590 _aKA
651 4 _aUnited Kingdom
_y
690 _aBUILT ENVIRONMENT
690 _aPROPERTY
942 _n0
999 _c78495
_d78495